000
00350nam a2200157Ia 4500
003
IT-RoPAU
008
120407s9999 xx 000 0 und d
040
_a
IT-RoPAU
040
_c
IT-RoPAU
100
_a
Paolo VI
245
_a
Decreto sulla formazione sacerdotale (Optatam totius)
260
_a
Cism
300
_c
cm
490
_v
1
942
_c
BK
999
_c
1823
_d
1823